| 000 | 00527nam a2200181Ia 4500 | ||
|---|---|---|---|
| 003 | GCL | ||
| 008 | 140319s9999 xx 000 0 ara d | ||
| 040 |
_aGCL / _cGCL |
||
| 082 | 0 | 4 |
_a155.23 _bم ا |
| 100 | 1 | _aعبدالحافظ حلمى محمد | |
| 245 | 1 | 0 |
_aالاساس الجسمانى الشخصية / _cعبدالحافظ حلمى محمد |
| 700 | 1 | _aمترام , ف . هـ | |
| 300 | _a245 ص | ||
| 490 |
_aالالف كتاب _v0 |
||
| 650 | 0 | 4 | _aعلم النفس |
| 650 | 0 | 4 | _aالشخصية |
| 942 |
_2ddc _cBK |
||
| 999 |
_c46269 _d46269 |
||